| 000 | 00832nam a2200229 4500 | ||
|---|---|---|---|
| 001 | 116671 | ||
| 003 | ES-MaACL | ||
| 005 | 20251013202423.0 | ||
| 007 | t| | ||
| 008 | 061121s1951 sp r ||||1| spa d | ||
| 100 | 1 |
_aPascal, Blaise, _d1623-1662 _989307 |
|
| 245 | 1 | 0 |
_aEscritos escogidos / _cBlaise Pascal y Bossuet ; estudio preliminar por Fr. Justo Pérez de Urbel ; Traducciones revisadas por Trinstán Fernández. |
| 260 |
_aBarcelona : _bExito, _c1951. |
||
| 300 |
_a509 p. : _b`Retr. aut` ; _c21 cm. |
||
| 490 | 1 |
_aClásicos Jackson ; _v16 |
|
| 700 | 1 |
_aBossuet, Jacques Bénigne, _d1627-1704 _930723 |
|
| 700 | 1 |
_aPérez de Urbel, Justo. _990812 |
|
| 700 | 1 |
_aFernández, Tristán. _949435 |
|
| 830 | 0 |
_aClásicos Jackson ; _v16 _9186380 |
|
| 852 |
_aES-MaACL _jD-8499 _bR.32661 |
||
| 999 |
_c116671 _d116671 |
||